|
|
|
|
| LEADER |
00800nam a22002172a 4500 |
| 001 |
001705998 |
| 003 |
CZ BrMZK |
| 005 |
20231206131239.0 |
| 007 |
ta |
| 008 |
190910s1949 it er|||||||||||ita d |
| 040 |
|
|
|a BOA001
|b cze
|e aacr2
|
| 100 |
1 |
|
|a De Finetti, Bruno,
|d 1906-1985
|7 mzk2004248848
|4 aut
|
| 245 |
1 |
3 |
|a Le vrai et le probable /
|c Bruno De Finetti
|
| 260 |
|
|
|a Trieste :
|b [s.n.],
|c 1949
|
| 300 |
|
|
|a s. 78-92
|
| 490 |
1 |
|
|a Pubblicazioni delle Facoltà di scienze e d'ingegneria dell'Università di Trieste. Serie B ;
|v 47
|
| 830 |
|
0 |
|a Pubblicazioni delle Facoltà di scienze e d'ingegneria dell'Università di Trieste.
|n Serie B
|
| 910 |
|
|
|a BOA001
|b X-0260.907
|
| 990 |
|
|
|a BK
|
| 991 |
|
|
|b 201909
|
| 996 |
7 |
|
|b 2618813271
|c X-0260.907
|l MZK
|r Sklad / do 24 hodin
|n 0
|w 001753689
|u 000010
|a 1
|e BOA001
|j MZK50
|s A
|